000
00258 a2200097 4500
999
_c
216377
_d
216377
020
_a
9780273711926
100
_a
Johnson, Gerry
245
_a
Exploring Corporate Strategy : texts and cases
250
_a
Eighth Edition
260
_b
Prentince Hall : Harlow
_c
2008